Reflexiones constitucionales / (Registro nro. 28477)
[ vista simple ]
| 000 -LEADER | |
|---|---|
| fixed length control field | 01363nam a2200289Ia 4500 |
| 003 - CONTROL NUMBER IDENTIFIER | |
| control field | CO-CtgCURN |
| 005 - DATE AND TIME OF LATEST TRANSACTION | |
| control field | 20250410165710.0 |
| 008 - FIXED-LENGTH DATA ELEMENTS--GENERAL INFORMATION | |
| fixed length control field | 190722s2005 xx f 000 0 spa d |
| 020 ## - INTERNATIONAL STANDARD BOOK NUMBER | |
| International Standard Book Number | 9588255430 |
| 040 ## - CATALOGING SOURCE | |
| Original cataloging agency | CO-CtgCURN |
| Language of cataloging | spa |
| Transcribing agency | coctgcurn |
| 082 ## - DEWEY DECIMAL CLASSIFICATION NUMBER | |
| Classification number | 342.72 |
| Item number | C485r |
| 100 ## - MAIN ENTRY--PERSONAL NAME | |
| Personal name | Charria Segura, Juan Manuel |
| 9 (RLIN) | 2263 |
| 245 #0 - TITLE STATEMENT | |
| Title | Reflexiones constitucionales / |
| Statement of responsibility, etc. | Juan Manuel Charria Segura |
| 260 ## - PUBLICATION, DISTRIBUTION, ETC. | |
| Place of publication, distribution, etc. | Bogotá, Colombia : |
| Name of publisher, distributor, etc. | Grupo Editorial Ibañez, |
| Date of publication, distribution, etc. | 2005 |
| 300 ## - PHYSICAL DESCRIPTION | |
| Extent | 178 páginas ; |
| Dimensions | 19 centímetros |
| 504 ## - BIBLIOGRAPHY, ETC. NOTE | |
| Bibliography, etc. note | Incluye referencias bibliográficas (p. 177-178) |
| 505 ## - FORMATTED CONTENTS NOTE | |
| Formatted contents note | El derecho de peticion frente a entidades privadas -- La transferencia de jugadores de futbol -- La constitucionalidad y aplicabilidad del decreto 1382 del 2000 en el procedimiento de la accion de tutela -- El principio de la buena fe versus la teridad en la accion de tutela |
| 521 ## - TARGET AUDIENCE NOTE | |
| Target audience note | AREA PROFESIONAL |
| 590 ## - LOCAL NOTE (RLIN) | |
| Local note | Programa de Derecho_18 |
| 651 ## - SUBJECT ADDED ENTRY--GEOGRAPHIC NAME | |
| Geographic name | Colombia |
| General subdivision | Derecho constitucional |
| 9 (RLIN) | 2264 |
| 942 ## - ADDED ENTRY ELEMENTS (KOHA) | |
| Koha item type | Libros |
| Classification part | 342.72 |
| Item part | C485 |
| Source of classification or shelving scheme | Dewey Decimal Classification |
| Suppress in OPAC | No |
| Withdrawn status | Lost status | Damaged status | Not for loan | Collection | Home library | Current library | Shelving location | Date acquired | Inventory number | Total checkouts | Full call number | Barcode | Date last seen | Copy number | Price effective from | Koha item type |
|---|---|---|---|---|---|---|---|---|---|---|---|---|---|---|---|---|
| Miguel Henríquez Castañeda Barranquilla | Miguel Henríquez Castañeda Barranquilla | General | 05/23/2018 | 01073 | 342.72 C485 | 01073 | 07/22/2019 | ej.1 | 07/22/2019 | Libros | ||||||
| Miguel Henríquez Castañeda Barranquilla | Miguel Henríquez Castañeda Barranquilla | General | 05/23/2018 | 01074 | 342.72 C485 | 01074 | 07/22/2019 | ej.2 | 07/22/2019 | Libros | ||||||
| Miguel Henríquez Castañeda Barranquilla | Miguel Henríquez Castañeda Barranquilla | General | 05/23/2018 | 01075 | 342.72 C485 | 01075 | 07/22/2019 | ej.3 | 07/22/2019 | Libros | ||||||
| Miguel Henríquez Castañeda Barranquilla | Miguel Henríquez Castañeda Barranquilla | General | 05/23/2018 | 01076 | 342.72 C485 | 01076 | 07/22/2019 | ej.4 | 07/22/2019 | Libros | ||||||
| Miguel Henríquez Castañeda Barranquilla | Miguel Henríquez Castañeda Barranquilla | General | 05/23/2018 | 01077 | 342.72 C485 | 01077 | 07/22/2019 | ej.5 | 07/22/2019 | Libros |